000 01361cad a22002175a 4500
001 L153643
008 110812e20110513xxkd f s f000 0 eng d
035 _a(Sirsi) u153643
041 0 _aeng
110 1 _aUnited Kingdom
_bOffice of National Statistics
_92035
245 0 0 _aOutput in the construction industry
_bsecond quarter 2011
_h[electronic resource]
260 _a[S.l.]
_bONS
_c2011
490 _aONS Statistical Bulletin
_v(Second quarter 2011) 12 August 2011
520 _aHeadline statistics are: the total volume of construction output in the second quarter of 2011 rose by 2.3 per cent compared with the first quarter of 2011; the total volume of construction output in the second quarter of 2011 rose by 0.8 per cent compared with the same quarter in 2010; all new work rose by 3.1 per cent and repair and maintenance rose by 0.7 per cent; all new work increased by 0.3 per cent and repair and maintenance (R&M) increased by 1.8 per cent compared with the same quarter in 2010.
590 _aKA
650 2 4 _aONS NEW CONSTRUCTION ORDERS
651 4 _aGreat Britain
_y1707-
690 _aBUILT ENVIRONMENT-CONSTRUCTION MARKET
856 4 0 _uhttps://www.ons.gov.uk/ons/rel/construction/output-in-the-construction-industry/june-and-q2-2011/output-in-the-construction---q2-2011.pdf
_zView the website free of charge at www.ons.gov.uk
942 _n0
999 _c112628
_d112628